[Event "49th Capablanca Mem Open I 2014"]
[Site "Havana CUB"]
[Date "2014.05.09"]
[Round "2.38"]
[White "Esquivel Golcher, Luis"]
[Black "Ordunez Echarte, Dennys"]
[Result "1/2-1/2"]
[WhiteTitle "FM"]
[BlackTitle "FM"]
[WhiteElo "2124"]
[BlackElo "2341"]
[WhiteFideId "6600174"]
[BlackFideId "3512207"]
[EventDate "2014.04.08"]

1. e4 c5 2. Nf3 Nc6 3. d4 cxd4 4. Nxd4 g6 5. Nc3 Bg7 6. Be3 Nf6 7. Be2 O-O 8.
O-O d6 9. Kh1 Bd7 10. Nb3 Rc8 11. f4 a6 12. a4 Be6 13. Bg1 h5 14. f5 Bd7 15. a5
Ne5 16. Bb6 Qe8 17. fxg6 fxg6 18. Bd4 Be6 19. Qe1 Qc6 20. Bxe5 dxe5 21. Qg3 Kh7
22. Nd2 Qc5 23. Nf3 1/2-1/2

[Event "49th Capablanca Mem Open I 2014"]
[Site "Havana CUB"]
[Date "2014.05.09"]
[Round "2.39"]
[White "Espinosa Veloz, Ermes"]
[Black "Gil Alba, Hector Luis"]
[Result "1-0"]
[WhiteTitle "FM"]
[BlackTitle "FM"]
[WhiteElo "2458"]
[BlackElo "2244"]
[WhiteFideId "3507424"]
[BlackFideId "3504670"]
[EventDate "2014.04.08"]

1. e4 Nf6 2. e5 Nd5 3. d4 d6 4. Nf3 Bg4 5. Be2 e6 6. O-O Be7 7. c4 Nb6 8. Nc3
O-O 9. h3 Bh5 10. Be3 N8d7 11. exd6 cxd6 12. b3 Nf6 13. Qd2 d5 14. c5 Nbd7 15.
Qc2 Re8 16. b4 Bf8 17. Rfd1 a6 18. Bf4 Bg6 19. Bd3 Bxd3 20. Qxd3 Nh5 21. Bh2 f5
22. a4 Nhf6 23. b5 Ne4 24. Rdb1 Qa5 25. Ne2 Rac8 26. bxa6 bxa6 27. Ne5 Nxe5 28.
Bxe5 Nd2 29. Rb7 Nc4 30. Bxg7 Rc7 31. Rxc7 Qxc7 32. Bxf8 Rxf8 33. Qg3+ Qxg3 34.
fxg3 Rc8 35. Nf4 Kf7 36. Rb1 Rc7 37. Rb8 Re7 38. Ra8 a5 39. Ra6 e5 40. Nxd5 Rb7
41. Nb6 1-0

[Event "49th Capablanca Mem Open I 2014"]
[Site "Havana CUB"]
[Date "2014.05.09"]
[Round "2.40"]
[White "Pazos Gambarrotti, Plinio"]
[Black "Georgiadis, Nico"]
[Result "0-1"]
[WhiteTitle "IM"]
[BlackTitle "IM"]
[WhiteElo "2240"]
[BlackElo "2446"]
[WhiteFideId "3600068"]
[BlackFideId "1300113"]
[EventDate "2014.04.08"]

1. Nf3 c5 2. e4 g6 3. d4 cxd4 4. Nxd4 Nc6 5. Nc3 Bg7 6. Be3 Nf6 7. Be2 O-O 8. f4
d6 9. O-O Qb6 10. Qd3 Ng4 11. Nd5 Bxd4 12. Nxb6 Bxe3+ 13. Kh1 Bxb6 14. Bxg4 Bxg4
15. f5 gxf5 16. exf5 Ne5 17. Qd2 f6 18. a4 a5 19. Ra3 Kh8 20. Rb3 Bc5 21. Rxb7
d5 22. Rb5 Rac8 23. h3 Bh5 24. g4 Be8 25. Rxa5 d4 26. b4 Bc6+ 27. Kg1 Bd6 28.
Qe2 Rfd8 29. b5 Bd5 30. b6 Bc4 31. Qd2 Bxf1 32. Kxf1 Nc4 33. Qe1 Nxa5 34. Qxa5
Rxc2 35. Qb5 0-1

[Event "49th Capablanca Mem Open I 2014"]
[Site "Havana CUB"]
[Date "2014.05.09"]
[Round "2.41"]
[White "Miranda Llanes, Yerisbel"]
[Black "Souleidis, Georgios"]
[Result "1/2-1/2"]
[WhiteTitle "WIM"]
[BlackTitle "IM"]
[WhiteElo "2229"]
[BlackElo "2387"]
[WhiteFideId "3507700"]
[BlackFideId "4206827"]
[EventDate "2014.04.08"]

1. d4 Nf6 2. c4 g6 3. Nc3 Bg7 4. e4 d6 5. Nf3 O-O 6. Be2 e5 7. O-O exd4 8. Nxd4
Re8 9. f3 c6 10. Be3 d5 11. cxd5 Nxd5 12. Nxd5 cxd5 13. Qb3 Nc6 14. Nxc6 bxc6
15. Rfd1 Be6 16. Qc2 Qb8 17. Rd2 Be5 18. h3 Bf4 19. Bxf4 Qxf4 20. Bd3 Red8 21.
Rad1 Rd6 22. Ba6 Qe3+ 23. Kh2 Rad8 24. b3 h5 25. Re2 Qf4+ 26. Kh1 dxe4 27. Rxd6
Rxd6 28. Rxe4 Qg5 29. Bf1 Kh7 30. Re1 Qf4 31. Rd1 Bd5 32. Bc4 Qe5 33. Qe2 Qf6
34. Bxd5 cxd5 35. Qd2 d4 36. Qd3 Qf4 37. Kg1 Kg7 38. Qd2 Qxd2 39. Rxd2 Kf6 40.
Kf2 Ke5 41. Re2+ Kd5 42. Rc2 Re6 43. Re2 Rc6 44. Rd2 h4 45. Ke2 f5 46. Kd1 g5
47. Rc2 Ra6 48. Kd2 g4 49. Kd3 gxf3 50. gxf3 Re6 51. Re2 Rg6 52. f4 Rg3+ 53. Kd2
d3 54. Re7 Kd4 55. Rd7+ Ke4 56. Re7+ Kxf4 57. Rxa7 Rxh3 58. a4 Ke4 59. Re7+ Kd5
60. Rd7+ Ke5 61. Re7+ Kd5 62. Rd7+ 1/2-1/2

[Event "49th Capablanca Mem Open I 2014"]
[Site "Havana CUB"]
[Date "2014.05.09"]
[Round "2.42"]
[White "Corrales Jimenez, Zenia"]
[Black "Alvarez Ferreiro, Roberto"]
[Result "1-0"]
[WhiteTitle "WIM"]
[BlackTitle "FM"]
[WhiteElo "2178"]
[BlackElo "2382"]
[WhiteFideId "3506355"]
[BlackFideId "3503038"]
[EventDate "2014.04.08"]

1. e4 e5 2. Nf3 Nc6 3. Bc4 Bc5 4. d3 Nf6 5. c3 d6 6. O-O Bg4 7. Be3 Bb6 8. Nbd2
O-O 9. h3 Bh5 10. Re1 h6 11. Bb3 g5 12. Nf1 Bg6 13. Bxb6 axb6 14. Ng3 Kg7 15. d4
Re8 16. dxe5 dxe5 17. Qe2 Qe7 18. Nh2 Rad8 19. Nhf1 Qc5 20. Ne3 Ne7 21. Qf3 Rd2
22. Rad1 Rxd1 23. Rxd1 Qc6 24. Ng4 Nxg4 25. Qxg4 Ng8 26. h4 Nf6 27. Nf5+ Kh7 28.
Qh3 gxh4 29. Nxh4 Qxe4 30. Nf3 Kg7 31. Nh4 Re7 32. Nxg6 Qxg6 33. Rd3 Ng4 34. Bc2
Qg5 35. Bd1 h5 36. Rd8 Re6 37. Qd3 Rg6 38. Bxg4 Qxg4 39. Qd5 Qg5 40. Re8 Qc1+
41. Kh2 Qf4+ 42. Kg1 Rf6 43. f3 Rd6 44. Qxe5+ Qxe5 45. Rxe5 Kg6 46. Re7 Rc6 47.
Kf2 b5 48. Re5 Rb6 49. a3 c6 50. Ke3 Ra6 51. Re7 b6 52. Rc7 c5 53. Ke4 b4 54.
axb4 cxb4 55. cxb4 Ra2 56. Rc2 Ra4 57. Rc6+ f6 58. Rxb6 Ra2 59. g3 Rxb2 60. Rb8
Re2+ 61. Kf4 Rb2 62. b5 Rb4+ 63. Ke3 Rb3+ 64. Ke4 f5+ 65. Kf4 Kf6 66. b6 Rb4+
67. Ke3 f4+ 68. gxf4 h4 69. b7 Kg7 70. Kf2 Rb2+ 71. Kg1 h3 72. f5 1-0

[Event "49th Capablanca Mem Open I 2014"]
[Site "Havana CUB"]
[Date "2014.05.09"]
[Round "2.43"]
[White "Fernandez De La Vara, Arnaldo"]
[Black "Lopez Gonzalez, Abel Fabian"]
[Result "1-0"]
[WhiteTitle "FM"]
[WhiteElo "2312"]
[BlackElo "2234"]
[WhiteFideId "3518388"]
[BlackFideId "3512673"]
[EventDate "2014.04.08"]

1. e4 c5 2. Nf3 d6 3. d4 cxd4 4. Nxd4 Nf6 5. Nc3 a6 6. Be3 e6 7. Be2 b5 8. Bf3
b4 9. e5 dxe5 10. Nb3 Qxd1+ 11. Rxd1 bxc3 12. Bxa8 cxb2 13. O-O Nbd7 14. c4 Ng4
15. Ba7 a5 16. Bc6 Bb4 17. Nc5 Nf6 18. Nd3 Bc3 19. f4 e4 20. Nf2 O-O 21. Nxe4
Nxe4 22. Bxe4 Nf6 23. Bc6 Ba6 24. Bd4 Bxd4+ 25. Rxd4 g6 26. Bb5 Bxb5 27. cxb5
Ng4 28. Rd3 a4 29. Rb1 Rc8 30. h3 Rc1+ 1-0

[Event "49th Capablanca Mem Open I 2014"]
[Site "Havana CUB"]
[Date "2014.05.09"]
[Round "2.44"]
[White "Miranda Rodriguez, Tania"]
[Black "Linares Napoles, Oleiny"]
[Result "1-0"]
[WhiteTitle "WFM"]
[BlackTitle "WGM"]
[WhiteElo "2161"]
[BlackElo "2310"]
[WhiteFideId "3510417"]
[BlackFideId "3504794"]
[EventDate "2014.04.08"]

1. e4 c5 2. Nf3 e6 3. d4 cxd4 4. Nxd4 a6 5. Nc3 Qc7 6. Bd3 Nf6 7. f4 d6 8. Qf3
Nc6 9. Nxc6 bxc6 10. O-O Rb8 11. Kh1 h5 12. Qe2 a5 13. Rf3 e5 14. f5 Be7 15. b3
Bb7 16. Bd2 Rd8 17. Re1 Rd7 18. Na4 Bd8 19. Rh3 Rh7 20. c4 Kf8 21. c5 Ng4 22.
Nb6 Re7 23. Bxa5 dxc5 24. Bc4 Qb8 25. Rd1 Nf6 26. Rhd3 Bc7 27. Qe3 Kg8 28. Qxc5
Qe8 29. Nc8 Rd7 30. Rxd7 Nxd7 31. Qe7 Qxe7 32. Nxe7+ Kf8 33. Rxd7 Bxa5 34. Rxb7
Rh6 35. Nc8 1-0

[Event "49th Capablanca Mem Open I 2014"]
[Site "Havana CUB"]
[Date "2014.05.09"]
[Round "2.45"]
[White "Leon Valdes, Jony Wilson"]
[Black "Madrigal, Mariano"]
[Result "1/2-1/2"]
[WhiteTitle "FM"]
[BlackTitle "IM"]
[WhiteElo "2306"]
[BlackElo "2190"]
[WhiteFideId "3506177"]
[BlackFideId "6100961"]
[EventDate "2014.04.08"]

1. d4 Nf6 2. c4 g6 3. f3 d5 4. cxd5 Nxd5 5. e4 Nb6 6. Nc3 Bg7 7. Be3 O-O 8. Qd2
e5 9. d5 c6 10. h4 cxd5 11. exd5 e4 12. fxe4 Bg4 13. Nf3 N8d7 14. Bd4 Re8 15.
Bxg7 Kxg7 16. O-O-O h5 17. Qd4+ Qf6 18. Bb5 Qxd4 19. Rxd4 Rec8 20. Kb1 a6 21.
Bd3 Nc5 22. Bc2 Rd8 23. b4 Ncd7 24. Bb3 Nc8 25. a4 Nd6 26. Rc1 Rdc8 27. Nd2 Ne5
28. Na2 f5 29. Rxc8 Rxc8 30. Bc2 fxe4 31. Nxe4 Nf5 32. Rd2 Nc4 33. Rf2 Nfe3 34.
Bd3 Nxd5 35. Ng5 Ne5 36. Be4 Rd8 37. Rc2 Rd7 38. Rc5 Bf5 39. Bxf5 gxf5 40. Rc2
Ne3 41. Re2 N5c4 42. Nc1 Rd1 43. Ne6+ Kf6 44. Nf4 Ke5 45. Nd3+ Kd4 46. Nb2 Rg1
47. Nxc4 Nxc4 48. Rf2 Kc3 49. Rf3+ Kxb4 50. Rb3+ Kxa4 51. Rxb7 Na3+ 52. Kb2
Rxg2+ 53. Ka1 Nc2+ 54. Kb1 Nb4 55. Rc7 Rg4 56. Rc5 Rxh4 57. Rxf5 Rh3 58. Re5 h4
59. Re4 Kb5 60. Kb2 Rh2+ 61. Kb3 Rh3+ 62. Kb2 a5 63. Ne2 Nd3+ 64. Kc2 Nb4+ 65.
Kb2 Nd3+ 66. Kc2 Nc5 67. Rg4 Rh2 68. Kd2 a4 69. Ke3 Rh3+ 70. Kd2 Nb3+ 71. Kc2
Rh2 72. Kd3 Nc5+ 73. Ke3 Rh3+ 74. Kd2 a3 75. Nc3+ Kb6 76. Rf4 a2 77. Nxa2 Rh2+
78. Ke3 Rxa2 79. Rxh4 Ra3+ 80. Ke2 Kb5 81. Rg4 Kc6 82. Rg5 Ne4 83. Re5 Nc3+ 84.
Kf2 Nd5 85. Rh5 Ra7 86. Rh4 Kd6 87. Rh5 Nf6 88. Rb5 Ne4+ 89. Kg2 Ke6 90. Rh5 Nf6
91. Rb5 Nd5 92. Rb8 Kf5 93. Rf8+ Nf6 94. Rb8 Kf4 95. Rf8 Ra2+ 96. Kf1 Ke5 97.
Ke1 Ne4 98. Kd1 Nf2+ 99. Ke1 Nd3+ 100. Kd1 Nf2+ 101. Ke1 Ne4 102. Kd1 Nc3+ 103.
Ke1 Ke4 104. Re8+ Kf3 105. Rb8 Re2+ 106. Kf1 Rd2 107. Rf8+ Ke3 108. Ra8 Rf2+
109. Ke1 Rh2 110. Kf1 Ne4 111. Ra3+ Kf4 112. Ke1 Nc5 113. Kd1 Ke4 114. Ra8 Ke3
115. Re8+ Kd4 116. Kc1 Kd3 117. Rd8+ Kc4 118. Rc8 Kd4 119. Kd1 1/2-1/2

[Event "49th Capablanca Mem Open I 2014"]
[Site "Havana CUB"]
[Date "2014.05.09"]
[Round "2.46"]
[White "Olivares Canelles, Francisco"]
[Black "Frometa Castillo, Zirka"]
[Result "1-0"]
[WhiteTitle "FM"]
[BlackTitle "WGM"]
[WhiteElo "2305"]
[BlackElo "2144"]
[WhiteFideId "3504590"]
[BlackFideId "3501434"]
[EventDate "2014.04.08"]

1. d4 d5 2. c4 e6 3. Nc3 f5 4. e3 Nf6 5. Bd3 c6 6. Nge2 Bd6 7. f3 O-O 8. Qc2
dxc4 9. Bxc4 b5 10. Bb3 Nd5 11. O-O b4 12. Na4 Ba6 13. Rf2 Qc7 14. g3 Nd7 15.
Nf4 Rae8 16. Bd2 Bb5 17. Rc1 Qb8 18. Bc4 N7f6 19. Qb3 g5 20. Nd3 a5 21. Nac5 f4
22. gxf4 gxf4 23. e4 Bxc4 24. Qxc4 Nb6 25. Qb3 Nfd7 26. Nxd7 Nxd7 27. e5 Bc7 28.
Rxc6 Kh8 29. Nxf4 Rg8+ 30. Kh1 Bb6 31. Be3 Nf8 32. Qc4 Ba7 33. Rc2 Ng6 34. Nxg6+
hxg6 35. Bg5 Bb6 36. Be3 Kh7 37. d5 g5 38. Qg4 Rg6 39. Qh5+ 1-0

[Event "49th Capablanca Mem Open I 2014"]
[Site "Havana CUB"]
[Date "2014.05.09"]
[Round "2.47"]
[White "Catala Matienzo, Ivette"]
[Black "Yanes Canizares, Alejandro"]
[Result "0-1"]
[WhiteTitle "WFM"]
[BlackTitle "FM"]
[WhiteElo "2118"]
[BlackElo "2305"]
[WhiteFideId "3506819"]
[BlackFideId "3506134"]
[EventDate "2014.04.08"]

1. d4 d6 2. Nf3 g6 3. e4 Bg7 4. g3 Bg4 5. Bg2 Nc6 6. Be3 Nf6 7. Nc3 e5 8. d5 Ne7
9. h3 Bd7 10. Qd2 O-O 11. a4 c6 12. Bg5 cxd5 13. Nxd5 Nexd5 14. exd5 Qb6 15. O-O
Ne4 16. Qe2 Nxg5 17. Nxg5 Rac8 18. c3 h6 19. Nf3 Rfe8 20. Rfd1 a6 21. g4 e4 22.
Nd4 Rc5 23. Qc2 Rxd5 24. Bxe4 Rde5 25. Bf3 h5 26. Qb3 Qd8 27. Qxb7 Bc8 28. Qb4
hxg4 29. Nc6 Qg5 30. hxg4 a5 31. Qc4 Be6 32. Qf1 Rf5 33. Qg2 Rf4 34. Re1 Rc8 35.
Re4 Rxe4 36. Bxe4 d5 37. Bxd5 Bxd5 38. Qxd5 Qxg4+ 39. Kf1 Re8 40. Nd4 Re4 41. f3
Qh3+ 42. Kf2 Bxd4+ 43. cxd4 Qh2+ 44. Kf1 Re2 45. Qd8+ Kg7 0-1

[Event "49th Capablanca Mem Open I 2014"]
[Site "Havana CUB"]
[Date "2014.05.09"]
[Round "2.48"]
[White "Perera Alfonso, Rene Humberto"]
[Black "Gonzalez Ochoa, Yoana"]
[Result "1/2-1/2"]
[WhiteTitle "FM"]
[BlackTitle "WFM"]
[WhiteElo "2302"]
[BlackElo "2127"]
[WhiteFideId "3514722"]
[BlackFideId "3507629"]
[EventDate "2014.04.08"]

1. e4 e5 2. Nf3 Nc6 3. Bb5 a6 4. Ba4 Nf6 5. O-O b5 6. Bb3 Be7 7. a4 Bb7 8. Re1
d6 9. d3 O-O 10. Nbd2 Na5 11. Ba2 c5 12. c3 Qc7 13. Nf1 h6 14. Ng3 Rfe8 15. Nf5
Bf8 16. N3h4 c4 17. Qf3 Re6 18. Bd2 d5 19. exd5 Bxd5 20. Qg3 Kh8 21. Rad1 Rc8
22. axb5 axb5 23. Bb1 cxd3 24. Bxd3 e4 25. Qxc7 Rxc7 26. Bxb5 g5 27. c4 Nxc4 28.
Bc3 Nb6 29. Nd4 gxh4 30. Nxe6 Rxc3 31. bxc3 fxe6 32. Bf1 h3 33. gxh3 Kg7 34. Rb1
Nc4 35. Rb8 Nd2 36. Bg2 Nd7 37. Rd8 Ne5 38. Rd1 Ndf3+ 39. Bxf3 Nxf3+ 40. Kf1 Bc5
41. R1xd5 exd5 42. Rxd5 Be7 43. Ke2 Bg5 44. c4 Kf6 45. c5 Ke6 46. c6 Bf4 47. Rd1
h5 48. h4 Nxh4 49. Rd4 Ng6 50. Rxe4+ Kd5 51. Ra4 Bd6 52. Ra5+ Kxc6 53. Kf3 Ne5+
54. Ke4 Ng4 55. f4 h4 56. Ra2 Nf6+ 57. Kf3 Kd7 58. Re2 Be7 59. h3 Ke8 60. f5 Kf7
61. Ra2 Nd5 62. Ra5 Nf6 63. Kf4 Nd7 64. Kg4 Nf8 65. Ra7 Nh7 66. Ra6 Nf8 67. Ra7
Nh7 68. Kh5 Nf8 69. Kg4 Nh7 1/2-1/2

[Event "49th Capablanca Mem Open I 2014"]
[Site "Havana CUB"]
[Date "2014.05.09"]
[Round "2.49"]
[White "Hernandez Fernandez, Ramon A."]
[Black "Ginesta Caballero, Olga Lucia"]
[Result "1-0"]
[WhiteTitle "FM"]
[BlackTitle "WFM"]
[WhiteElo "2293"]
[BlackElo "2124"]
[WhiteFideId "3503909"]
[BlackFideId "3508234"]
[EventDate "2014.04.08"]

1. d4 Nf6 2. c4 e6 3. Nf3 Bb4+ 4. Bd2 Qe7 5. g3 Nc6 6. Bg2 Bxd2+ 7. Nbxd2 O-O 8.
O-O d6 9. e4 e5 10. d5 Nb8 11. b4 a5 12. a3 Na6 13. Re1 Bd7 14. Rb1 axb4 15.
axb4 Rfb8 16. Re3 b5 17. cxb5 Bxb5 18. Ra3 c6 19. dxc6 Bxc6 20. Qc2 Qd7 21. Qa2
Nc7 22. Rc1 Rxb4 23. Rxa8+ Nxa8 24. Ng5 Bb7 25. Bh3 Qe7 26. Nxf7 d5 27. Ng5 Nc7
28. Qa5 Nfe8 29. Bd7 1-0

[Event "49th Capablanca Mem Open I 2014"]
[Site "Havana CUB"]
[Date "2014.05.09"]
[Round "2.50"]
[White "Estrada Nieto, Julian"]
[Black "Fernandez Rivero, Karla July"]
[Result "1/2-1/2"]
[WhiteTitle "IM"]
[BlackTitle "WFM"]
[WhiteElo "2288"]
[BlackElo "2120"]
[WhiteFideId "5101018"]
[BlackFideId "3517489"]
[EventDate "2014.04.08"]

1. e4 c6 2. d4 d5 3. Nc3 dxe4 4. Nxe4 Bf5 5. Ng3 Bg6 6. h4 h6 7. h5 Bh7 8. Nf3
Nd7 9. Bd3 Bxd3 10. Qxd3 e6 11. Bd2 Qc7 12. O-O-O Ngf6 13. Ne4 Nxe4 14. Qxe4 Nf6
15. Qe2 O-O-O 16. c4 c5 17. Rh4 Bd6 18. Bc3 Kb8 19. dxc5 Qxc5 20. Rhd4 Bc7 21.
Rxd8+ Rxd8 22. Rxd8+ Bxd8 23. Ne5 Bc7 24. g4 Qe7 25. Qf3 Kc8 26. a3 Bxe5 27.
Bxe5 Nd7 28. Bd4 a6 29. Kb1 e5 30. Bc3 Qe6 31. Qe2 f5 32. f3 Kd8 33. Qd3 fxg4
34. fxg4 e4 35. Qe2 Nf6 36. Bxf6+ gxf6 37. Kc2 Ke7 38. b3 Kf7 39. Qg2 b6 40. Qe2
Ke7 41. Qg2 Kf7 1/2-1/2

[Event "49th Capablanca Mem Open I 2014"]
[Site "Havana CUB"]
[Date "2014.05.09"]
[Round "2.51"]
[White "Larduet Despaigne, Carlos"]
[Black "Cardenas Ballester, Maydelin"]
[Result "1-0"]
[WhiteTitle "FM"]
[BlackTitle "WFM"]
[WhiteElo "2281"]
[BlackElo "2101"]
[WhiteFideId "3500780"]
[BlackFideId "3508242"]
[EventDate "2014.04.08"]

1. c4 f5 2. g3 Nf6 3. Nf3 g6 4. Bg2 d6 5. d4 Bg7 6. O-O O-O 7. Nc3 Nc6 8. d5 Ne5
9. Nxe5 dxe5 10. Qb3 a6 11. c5 Kh8 12. Bg5 Rb8 13. Qa3 h6 14. Bxf6 Rxf6 15. Rfd1
b6 16. b4 e4 17. Rac1 g5 18. g4 Qf8 19. e3 Qf7 20. Rd2 Qg6 21. b5 a5 22. cxb6
Rfxb6 23. Qxe7 Bxc3 24. Rxc3 Rxb5 25. Qf8+ Qg8 26. Qxh6+ Qh7 27. Qxh7+ Kxh7 28.
Rxc7+ Kg6 29. h3 Rb1+ 30. Kh2 fxg4 31. Bxe4+ Kf6 1-0

[Event "49th Capablanca Mem Open I 2014"]
[Site "Havana CUB"]
[Date "2014.05.09"]
[Round "2.52"]
[White "Girones Barrios, Yans Richard"]
[Black "Sanchez Ones, Yeny"]
[Result "1-0"]
[WhiteTitle "FM"]
[BlackTitle "WIM"]
[WhiteElo "2274"]
[BlackElo "2065"]
[WhiteFideId "3506142"]
[BlackFideId "3514099"]
[EventDate "2014.04.08"]

1. d4 Nf6 2. c4 c5 3. d5 b5 4. cxb5 a6 5. bxa6 g6 6. Nc3 Bxa6 7. Nf3 Bg7 8. e4
Bxf1 9. Kxf1 d6 10. g3 O-O 11. Kg2 Nbd7 12. Qc2 Qb6 13. Rb1 Ng4 14. h3 Nge5 15.
Nxe5 Nxe5 16. b3 Rfb8 17. Bg5 Qb7 18. a4 h6 19. Bf4 Qa6 20. Bxe5 Bxe5 21. Nb5
Qa5 22. Qc4 Rf8 23. Rbe1 g5 24. Rhf1 f5 25. f4 gxf4 26. gxf4 Bxf4 27. b4 Qxa4
28. Rxf4 Rab8 29. exf5 Qxb5 30. Rg4+ Kf7 31. Qe4 Qd7 32. f6 Ke8 33. Qg6+ Rf7 34.
Qg8+ 1-0

[Event "49th Capablanca Mem Open I 2014"]
[Site "Havana CUB"]
[Date "2014.05.09"]
[Round "2.53"]
[White "Romero Nunez, Wendy"]
[Black "Duran Vega, Sergio"]
[Result "1/2-1/2"]
[WhiteTitle "WFM"]
[BlackTitle "FM"]
[WhiteElo "2080"]
[BlackElo "2252"]
[WhiteFideId "3510174"]
[BlackFideId "6501311"]
[EventDate "2014.04.08"]

1. d4 d5 2. Nf3 e6 3. c4 a6 4. Nc3 dxc4 5. a4 Nc6 6. e3 Na5 7. Ne5 Nf6 8. Nxc4
c5 9. Ne5 Qb6 10. Be2 cxd4 11. exd4 Nb3 12. Nc4 Qb4 13. Rb1 Bd7 14. O-O Nxc1 15.
Rxc1 Rd8 16. b3 Bc6 17. Na2 Qe7 18. Na5 Bd5 19. Bf3 Qd7 20. Nc3 Ba3 21. Nxd5
Nxd5 22. Rc2 O-O 23. Nc4 Be7 24. Ne5 Qd6 25. Qc1 Bf6 26. Re1 Nb4 27. Rd2 Bg5 28.
Bxb7 Qb8 29. Be4 f5 30. Bxf5 Rxf5 31. Qc4 Bxd2 32. Qxe6+ Kh8 33. Qxf5 Bxe1 34.
Nf7+ Kg8 35. Nh6+ gxh6 36. Qe6+ Kg7 37. Qe7+ Kg6 38. Qe6+ Kg7 39. Qe7+ Kh8 40.
Qf6+ Kg8 41. Qe6+ Kg7 42. Qe7+ 1/2-1/2

[Event "49th Capablanca Mem Open I 2014"]
[Site "Havana CUB"]
[Date "2014.05.09"]
[Round "2.54"]
[White "Diaz Perez, Michel Alejandro"]
[Black "Rodriguez Dominguez, Melissa"]
[Result "1-0"]
[WhiteTitle "FM"]
[WhiteElo "2250"]
[BlackElo "1996"]
[WhiteFideId "3517179"]
[BlackFideId "3517560"]
[EventDate "2014.04.08"]

1. d4 Nf6 2. Nf3 g6 3. c4 c5 4. d5 b5 5. cxb5 a6 6. bxa6 Bxa6 7. Nc3 d6 8. e4
Bxf1 9. Kxf1 Bg7 10. g3 O-O 11. Kg2 Nbd7 12. Qe2 Qb6 13. Nd2 Rfb8 14. Nc4 Qa6
15. Re1 Rb4 16. Na3 c4 17. Nc2 Rb7 18. Ne3 Rc7 19. Rd1 Nc5 20. e5 dxe5 21. Nxc4
Nfe4 22. Nxe4 Nxe4 23. Qxe4 Rxc4 24. Qe2 Qc8 25. Bg5 f6 26. Be3 Rc2 27. Rd2 Rc4
28. b3 Rc3 29. Rad1 Bf8 30. h4 f5 31. Bg5 Qb8 32. Rc2 Rxc2 33. Qxc2 Qd6 34. Qc6
Rxa2 35. Qxd6 exd6 36. Rc1 h6 37. Be3 Rb2 38. Rc8 Kf7 39. Rb8 Bg7 40. b4 Kf6 41.
Bb6 Rd2 42. Rb7 g5 43. h5 e4 44. Bd8+ Ke5 45. Rxg7 Kxd5 46. Bxg5 hxg5 47. h6 e3
48. h7 e2 49. Re7 1-0

[Event "49th Capablanca Mem Open I 2014"]
[Site "Havana CUB"]
[Date "2014.05.09"]
[Round "2.55"]
[White "Zayas Gonzalez, Laura Amalia"]
[Black "Llaudy Pupo, Lisandra"]
[Result "0-1"]
[WhiteTitle "WFM"]
[BlackTitle "WIM"]
[WhiteElo "2065"]
[BlackElo "2246"]
[WhiteFideId "3517004"]
[BlackFideId "3506487"]
[EventDate "2014.04.08"]

1. e4 d6 2. d4 Nf6 3. Nc3 c6 4. Nf3 Bg4 5. Be2 e6 6. Be3 Be7 7. Qd2 d5 8. exd5
Bxf3 9. Bxf3 cxd5 10. O-O Nbd7 11. Qd3 O-O 12. Bf4 Rc8 13. Ne2 Nb6 14. c3 Bd6
15. Bg5 h6 16. Bc1 Nc4 17. Qd1 Bb8 18. Ng3 Qc7 19. b3 Nd6 20. Bb2 g6 21. Re1 b5
22. Rc1 Kg7 23. Qd3 h5 24. Qe3 h4 25. Nf1 Nf5 26. Qd2 Rfe8 27. g4 Nd6 28. Qg5
Rh8 29. h3 Qa5 30. a3 Qc7 31. Bg2 a5 32. Nd2 Nde8 33. Qe5 Qd7 34. Qe3 Qd6 35.
Qe5 Kg8 36. c4 Qb6 37. Qe3 bxc4 38. Ba1 Nd6 39. bxc4 dxc4 40. Rb1 Qa7 41. d5
Qxe3 42. Rxe3 Nxd5 43. Bxd5 exd5 44. Bxh8 Kxh8 45. Re5 c3 46. Rxd5 cxd2 47. Rxd2
Ne4 48. Rd7 Ng5 49. Kg2 Bf4 50. Rb5 Rc2 51. Rdd5 Be3 52. Rxg5 Rxf2+ 53. Kh1 Bxg5
54. Rxg5 Rf3 55. Rxa5 Rxh3+ 56. Kg2 Rg3+ 57. Kh2 Rxg4 58. Kh3 Rc4 59. a4 Kg7 60.
Ra7 g5 0-1

[Event "49th Capablanca Mem Open I 2014"]
[Site "Havana CUB"]
[Date "2014.05.10"]
[Round "3.1"]
[White "Obregon Rivero, Juan Carlos"]
[Black "Fernandez Cardoso, Alexey"]
[Result "1-0"]
[WhiteTitle "IM"]
[BlackTitle "IM"]
[WhiteElo "2509"]
[BlackElo "2450"]
[WhiteFideId "3507815"]
[BlackFideId "3504379"]
[EventDate "2014.04.08"]

1. e4 c5 2. Nf3 Nc6 3. c3 d5 4. exd5 Qxd5 5. d4 Bf5 6. Be3 Nf6 7. Qb3 Qxb3 8.
axb3 cxd4 9. Nxd4 Nxd4 10. Bxd4 Nd7 11. b4 e5 12. Be3 Be7 13. Nd2 a6 14. Be2 O-O
15. Bf3 Rab8 16. O-O Be6 17. Rfd1 f5 18. Nc4 f4 19. Ba7 Ra8 20. Nb6 Nxb6 21.
Bxb6 Rae8 22. Ba5 Bc8 23. Bd5+ Kh8 24. Bc7 Bg5 25. Re1 Rf5 26. Rad1 g6 27. c4
Bh6 28. c5 Bg7 29. f3 Bf8 30. Bb3 Bg7 31. Ba4 Rg8 32. Bc2 Rh5 33. Rd5 e4 34.
Rxh5 gxh5 35. Bxe4 Bd4+ 36. Kh1 Re8 37. Rd1 Be3 38. h4 Bf2 39. Bxf4 Bxh4 40. Rd5
Be1 41. Rg5 1-0

[Event "49th Capablanca Mem Open I 2014"]
[Site "Havana CUB"]
[Date "2014.05.10"]
[Round "3.3"]
[White "Gonzalez Acosta, Bernal"]
[Black "Oliva Castaneda, Kevel"]
[Result "0-1"]
[WhiteTitle "IM"]
[BlackTitle "FM"]
[WhiteElo "2482"]
[BlackElo "2428"]
[WhiteFideId "6500170"]
[BlackFideId "3500799"]
[EventDate "2014.04.08"]

1. d4 Nf6 2. c4 g6 3. f3 Bg7 4. e4 O-O 5. Ne2 d6 6. Be3 c5 7. d5 b5 8. cxb5 a6
9. Nec3 Nbd7 10. Be2 Ne8 11. Na3 Nc7 12. O-O Rb8 13. Rb1 Nb6 14. Qd2 axb5 15.
Naxb5 Ba6 16. Nxc7 Bxe2 17. Ne6 fxe6 18. Qxe2 Qd7 19. Rfd1 Bxc3 20. bxc3 Na4 21.
Qc2 exd5 22. exd5 Qf5 23. Qxf5 gxf5 24. Bd2 Nb2 25. Re1 Nd3 26. Rxb8 Rxb8 27.
Ra1 Kf7 28. a4 e6 29. dxe6+ Kxe6 30. a5 Kd5 31. Kf1 Kc4 32. a6 Ra8 33. a7 d5 34.
Ke2 Ne5 35. Ra6 Kb5 36. Rf6 Rxa7 37. Rxf5 Re7 38. Bf4 Nc6+ 39. Kd3 Rd7 40. Rf6
c4+ 41. Kd2 d4 42. Rd6 Rf7 43. Rd5+ Ka4 44. g3 d3 45. Rc5 Na5 46. Kd1 Rb7 47.
Rd5 Rb1+ 48. Kd2 Nb3+ 49. Ke3 Re1+ 50. Kf2 Re2+ 51. Kf1 Rxh2 52. g4 Rc2 53. g5
Rxc3 54. Rd7 Rc2 55. Rxh7 d2 56. Rd7 Rc1+ 57. Kg2 c3 58. Bxd2 cxd2 59. f4 Rc4
60. g6 Rxf4 61. Kg3 Rf6 62. g7 Rg6+ 0-1